| 000 | 00529nam a2200121Ia 4500 | ||
|---|---|---|---|
| 008 | 220620s9999||||xx |||||||||||||| ||und|| | ||
| 100 | _aRansford, H. Chris | ||
| 245 | 4 | _aThe Far Horizons of Time. Time and Mind in the Universe | |
| 546 | _aEnglish[eng] | ||
| 650 | _adelayed choice||wave function||space-time||quantum||saccades||anthropic principle||Bell's inequality||the brain's perception of time||mystery of time||time||mathematical universe||Popular science | ||
| 856 | _uhttps://doi.org/10.2478/9783110440287 | ||
| 942 | _cEB | ||
| 999 |
_c22951 _d22951 |
||